| 000 | 01073cam a2200217 4500 | ||
|---|---|---|---|
| 001 | WB3919-07 | ||
| 008 | 030520n2003 000 0 eng u | ||
| 035 | _a(Sirsi) u122339 | ||
| 245 | _aFirst quarter rents in Scotland fall 0.1% | ||
| 260 | _c2003 | ||
| 490 |
_aEstates Gazette _v(0320) 17 May 2003, 44(1) |
||
| 520 | _aRents in Scotland have fallen according to the Insignia Richard Ellis "Scottish quarterly index", although capital value growth shows some sign of recovery. The Scottish office market still outperformed the rest of the UK even though rental value growth weakened; Scotland's industrial sector was also slightly higher than the UK but Scottish retail fell way behind with zero annualised rental growth. The report can be viewed at http://www.insignia-re.com/pdf/SQI%20Q1_April%202003_EMAIL&WEB.pdf. | ||
| 590 | _aWB | ||
| 650 | _aSCOTLAND | ||
| 650 | _aRENTAL GROWTH | ||
| 650 | _aOFFICE SECTOR | ||
| 650 | _aINDUSTRIAL SECTOR | ||
| 650 | _aRETAIL SECTOR | ||
| 690 | _aPROPERTY-COMMERCIAL PROPERTY-COMMERCIAL PROPERTY MARKET | ||
| 942 | _n0 | ||
| 999 |
_c72705 _d72705 |
||